| 000 | 01089nam a22002177a 4500 | ||
|---|---|---|---|
| 005 | 2010080506496.0 | ||
| 010 | _aHIN-90096 | ||
| 020 |
_a9788128825344 _c150.00 |
||
| 035 | _aHN-62442 | ||
| 037 | _bDBAD / PUB | ||
| 082 | _a133.5 | ||
| 100 |
_aत्रिवेदी, रामप्रकाश _926197 |
||
| 245 |
_aभाग्य के रहस्य / _cरामप्रकाश त्रिवेदी |
||
| 246 |
_aBhagya ke Rahashya _bby Ramprakash Trivedi |
||
| 260 |
_aनई दिल्ली _bडायमंड पॉकेट बुक्स _c2010 |
||
| 270 |
_aX-30, अखसा इंडस्ट्रियल एरिया, फेज-11 _bनई दिल्ली _e110020 _k011 41611861 _l011 41611866 _msales@dpb.in |
||
| 300 |
_a224पृ _c22सेमी (अजिल्द) |
||
| 700 | _96534 | ||
| 942 |
_2ddc _cHN _mत्रिवेदी _h133.5 |
||
| 999 |
_c39490 _d39490 |
||